Normal view
MARC view
- Winston, Stephanie
Entry Personal Name
001 - CONTROL NUMBER
- control field: 134191
003 - CONTROL NUMBER IDENTIFIER
- control field: NUST
005 - DATE AND TIME OF LATEST TRANSACTION
- control field: 20260417125332.0
008 - FIXED-LENGTH DATA ELEMENTS
- fixed length control field: 260417|| aca||aabn | a|a d
040 ## - CATALOGING SOURCE
- Original cataloging agency: NUST
- Transcribing agency: NUST
100 ## - HEADING--PERSONAL NAME
- Personal name: Winston, Stephanie
670 ## - SOURCE DATA FOUND
- Source citation: Work cat.: (NUST): Winston, Stephanie., The organized executive : a program for productivity : new ways to manage time, paper, and people /, 1983.
